Central Library OPAC University of Rajshahi

ভালোবাসা / (Record no. 48071)

MARC details
000 -LEADER
fixed length control field 00762nam a2200229 a 4500
001 - CONTROL NUMBER
control field 48071
003 - CONTROL NUMBER IDENTIFIER
rucl marc code BD-RjUL
005 - DATE AND TIME OF LATEST TRANSACTION
control field 20211209054443.0
008 - FIXED-LENGTH DATA ELEMENTS--GENERAL INFORMATION
fixed length control field 160811s2003 bg ||||| |||| 00| j ben d
020 ## - INTERNATIONAL STANDARD BOOK NUMBER
Terms of availability : Tk. 100.00
035 ## - SYSTEM CONTROL NUMBER
System control number (BD-RjUL) 48190
040 ## - CATALOGING SOURCE
Original cataloging agency BD-RjUL
Language of cataloging ben
Transcribing agency BD-RjUL
041 ## - LANGUAGE CODE
Language code of text/sound track or separate title ben
082 ## - DEWEY DECIMAL CLASSIFICATION NUMBER
Edition number 23
Classification number 891.443
Author mark and year ALL 2003
100 1# - MAIN ENTRY--PERSONAL NAME
Personal name আলী, মো. নওসাদ
9 (RLIN) 120284
245 10 - TITLE STATEMENT
Title ভালোবাসা /
Statement of responsibility, etc. মো. নওসাদ আলী
260 ## - PUBLICATION, DISTRIBUTION, ETC. (IMPRINT)
Place of publication, distribution, etc. রাজশাহী :
Name of publisher, distributor, etc. ফাহিমা রহমান বিউটি,
Date of publication, distribution, etc. ২০০৩
300 ## - PHYSICAL DESCRIPTION
Pagination ৮৬ পৃ. ;
Size ২১ সেমি.
650 ## - SUBJECT ADDED ENTRY--TOPICAL TERM
Topical term or geographic name as entry element বাংলা উপন্যাস
9 (RLIN) 145733
Topical term or geographic name as entry element Bengali Fiction
9 (RLIN) 145734
942 ## - ADDED ENTRY ELEMENTS (KOHA)
Source of classification or shelving scheme Dewey Decimal Classification
Koha item type Books
Holdings
Lost status Source of classification or shelving scheme Damaged status Not for loan Collection code Permanent Location Current Location Shelving location Date acquired Total Checkouts Full call number Date last seen Copy number Koha item type Date checked out
  Dewey Decimal Classification     Fiction Central Library, University of Rajshahi Central Library, University of Rajshahi   23/01/2006   B 891.443 ALL 2003 11/08/2016 C-2 Books  
  Dewey Decimal Classification     Fiction Central Library, University of Rajshahi Central Library, University of Rajshahi   23/01/2006 1 B 891.443 ALL 2003 06/02/2019 C-3 Books 29/01/2019